00449 2200181 4500001002100000005001500021035002000036100001500056245004800071250002000119300002900139020002200168082000800190084001400198260003700212600000900249990000900258INLIS00000000000223220260226102418 a0010-02260000640 aO. Lesmana1 aPengetahuan Dasar Seni Teater /cO. Lesmana aCetakan 1, 2009 a60 hlm :bilust ;c21 cm a978-602-8262-02-6 a792 a792 LES p aJakarta Barat :bPT MAPAN,c2009 4aSeni a6585